00443nam a2200169Ia 4500003000400000005001700004008004000021040000700061041000800068082001600076100003500092245005200127250000600179260004100185300001200226650003500238OSt20220615091456.0210210b1983 xxu||||| |||| 00| 0 eng d cAL aeng a574.87 VERC aVERMA (P S) and AGARWAL (V K). aCytology : bCell biology and molecular biology a4 aNew DelhibS. Chand & Co. Ltd.c1983 axii,567 aCell Biology Molecular Biology